000
00502nam a2200169Ia 4500
008
090123s9999 xx 000 0 und d
082
_b
7049
100
_a
जोशी मोरेश्वर
245
_a
नामदार गोखले
250
_a
1
300
_a
56
600
_a
जोशी मोरेश्वर
630
_a
नामदार गोखले
700
_a
जोशी मोरेश्वर
730
_a
नामदार गोखले
942
_c
BOOK
999
_c
45114
_d
45114